<?xml version="1.0" encoding="UTF-8"?>
<record
    xmlns:xsi="http://www.w3.org/2001/XMLSchema-instance"
    xsi:schemaLocation="http://www.loc.gov/MARC21/slim http://www.loc.gov/standards/marcxml/schema/MARC21slim.xsd"
    xmlns="http://www.loc.gov/MARC21/slim">

  <leader>00804nam a2200181 a 4500</leader>
  <controlfield tag="008">120209s2006    ||||||||||||||||| ||    u</controlfield>
  <datafield tag="020" ind1=" " ind2=" ">
    <subfield code="a">9780761942078</subfield>
  </datafield>
  <datafield tag="050" ind1=" " ind2=" ">
    <subfield code="a">LB 2369 Rea</subfield>
  </datafield>
  <datafield tag="100" ind1=" " ind2=" ">
    <subfield code="a">Reardon, Denis</subfield>
  </datafield>
  <datafield tag="245" ind1="1" ind2="0">
    <subfield code="a">Doing your undergraduate project</subfield>
  </datafield>
  <datafield tag="260" ind1=" " ind2=" ">
    <subfield code="a">London:</subfield>
    <subfield code="b">SAGE Publications</subfield>
    <subfield code="c">2006</subfield>
  </datafield>
  <datafield tag="300" ind1=" " ind2=" ">
    <subfield code="a">xii, 244p.: ill.</subfield>
  </datafield>
  <datafield tag="350" ind1=" " ind2=" ">
    <subfield code="a">40.00</subfield>
  </datafield>
  <datafield tag="650" ind1=" " ind2=" ">
    <subfield code="a">REPORT WRITING--STUDY AND TEACHING (HIGHER)</subfield>
  </datafield>
  <datafield tag="650" ind1=" " ind2="0">
    <subfield code="a">EDUCATIONAL TESTS AND MEASUREMENTS </subfield>
  </datafield>
  <datafield tag="995" ind1=" " ind2=" ">
    <subfield code="a">ANNEX COLLECTION (Main Library)</subfield>
    <subfield code="e">747304</subfield>
    <subfield code="F">CBU-MAIN LIBRARY (Kitwe)</subfield>
    <subfield code="I">40.00</subfield>
    <subfield code="j">LB 2369 Rea</subfield>
    <subfield code="M">2</subfield>
    <subfield code="U">AVAILABLE</subfield>
    <subfield code="W">Nov 22, 2016</subfield>
    <subfield code="y">747304</subfield>
    <subfield code="Z">Annex Low-Usage Collection </subfield>
  </datafield>
  <datafield tag="995" ind1=" " ind2=" ">
    <subfield code="a">MAIN LIBRARY OPEN ACCESS</subfield>
    <subfield code="D">0.00</subfield>
    <subfield code="e">742687</subfield>
    <subfield code="F">CBU-MAIN LIBRARY (Kitwe)</subfield>
    <subfield code="H">1</subfield>
    <subfield code="I">0.00</subfield>
    <subfield code="j">LB 2369 Rea</subfield>
    <subfield code="M">1</subfield>
    <subfield code="U">AVAILABLE</subfield>
    <subfield code="W">Mar 6, 2012</subfield>
    <subfield code="y">742687</subfield>
    <subfield code="Z">Main Library Open Access Collection</subfield>
  </datafield>
  <datafield tag="999" ind1=" " ind2=" ">
    <subfield code="c">75642</subfield>
    <subfield code="d">75642</subfield>
  </datafield>
  <datafield tag="952" ind1=" " ind2=" ">
    <subfield code="0">0</subfield>
    <subfield code="1">0</subfield>
    <subfield code="2">lcc</subfield>
    <subfield code="4">0</subfield>
    <subfield code="7">0</subfield>
    <subfield code="a">001</subfield>
    <subfield code="b">001</subfield>
    <subfield code="c">Annex Low-Usage Collection</subfield>
    <subfield code="d">2023-04-24</subfield>
    <subfield code="l">0</subfield>
    <subfield code="o">LB 2369 Rea</subfield>
    <subfield code="p">747304</subfield>
    <subfield code="r">2023-04-24</subfield>
    <subfield code="t">1</subfield>
    <subfield code="w">2023-04-24</subfield>
    <subfield code="y">002</subfield>
  </datafield>
  <datafield tag="952" ind1=" " ind2=" ">
    <subfield code="0">0</subfield>
    <subfield code="1">0</subfield>
    <subfield code="2">lcc</subfield>
    <subfield code="4">0</subfield>
    <subfield code="7">0</subfield>
    <subfield code="a">001</subfield>
    <subfield code="b">001</subfield>
    <subfield code="c">Main Library Open Access Collection</subfield>
    <subfield code="d">2023-04-24</subfield>
    <subfield code="l">0</subfield>
    <subfield code="o">LB 2369 Rea</subfield>
    <subfield code="p">742687</subfield>
    <subfield code="r">2023-04-24</subfield>
    <subfield code="t">2</subfield>
    <subfield code="w">2023-04-24</subfield>
    <subfield code="y">002</subfield>
  </datafield>
</record>
